Statistics for Countries Closest to Canada

Click here to take the quiz!

General Stats

  • This quiz has been taken 66,590 times
    (66,384 since last reset)
  • The average score is 14 of 20

Answer Stats

km Country miles % Correct
0United States0
100%
1809Mexico1124
96%
1238Russia769
94%
26Denmark (Greenland)16
90%
1232United Kingdom (Bermuda)765
88%
2065Cuba1283
83%
1638Iceland1018
82%
8France (St Pierre and Miquelon)5
74%
1657Bahamas1030
70%
2582Haiti1604
70%
2625Jamaica1631
70%
2644Dominican Republic1643
66%
2200Norway1367
64%
2733Guatemala1698
63%
2352Sweden1461
63%
2642Belize1642
61%
2342Finland1455
60%
2823Honduras1754
59%
1928Portugal (Azores)1198
51%
2832Netherlands (Sint Maarten)1760
44%

Score Distribution

Percentile by Number Answered

Percent of People with Each Score

Your Score History

You have not taken this quiz since the last reset